Statistics for The 2019 Hong Kong Protests Quiz (3)

Click here to take the quiz!

General Stats

  • This quiz has been taken 13 times
  • The average score is 16 of 32

Answer Stats

TimelineAnswer% Correct
On 12 November, police attempted to invade this university campusChinese University of Hong Kong
92%
Starting from 17 November, police besieged this university campus, charging the hundreds of protesters trapped inside with riotingHong Kong Polytechnic University
92%
Fight for _______, stand with Hong KongFreedom
85%
The US Senate unanimously passed this bill on 19 November, and President Trump signed it on 28 November (Hong Kong time)Hong Kong Human Rights and Democracy Act
85%
The pro-democrats won a landslide victory in the District Council Elections, with this party as the dominating partyDemocratic Party
77%
Disband ______, no time to sparePolice
77%
On 11 November, a pro-government citizen was lit on fire in this districtMa On Shan/Sha Tin
69%
There are no _______ but only a tyrannyRioters
69%
On 11 November, the second victim of live rounds was shot in this districtSai Wan Ho/Eastern
69%
Times Square
69%
On 4 November, a university student fell from a carpark in this districtTseung Kwan O/Sai Kung
69%
The above student died on this date, allegedly caused by police's delay of ambulance access8 November
62%
If we ____, you ____ with usBurn
62%
May ______ destroy the CCP and may it be entirely eliminatedHeaven
54%
Langham Place
54%
Shopping malls that were targeted during Christmas protests (24-26 December)New Town Plaza
54%
On 13 November, an outsourced worker was hit by a brick in this district, causing his death the day afterSheung Shui/North
54%
Including ex-officio members, only this district council had all its seats took by pro-democratsWong Tai Sin
54%
YOHO Mall
54%
Revenge
46%
9 December marked the half anniversary of the protests. Till that date, about how many were arrested due to the protests?6000
38%
The names of the five days which a week-long general strike is held (11-15 November)Dawn (黎明)
31%
This young activist beat the Hong Kong protesters to become Time's Person of the Year 2019Greta Thunberg
31%
Hongkongers, ______/_______Resist
31%
Harbour City
23%
Tai Po Mega Mall
23%
The police froze 70 million dollars (HKD) of a crowdfunded legal aid fund for protesters, accusing them for this financial crimeMoney laundering
15%
The names of the five days which a week-long general strike is heldSunrise (旭日)
15%
A consumers' movement to consume only in shops that publicly support the protestsYellow Economic Circle
15%
The names of the five days which a week-long general strike is heldDagian (晨曦)
8%
The names of the five days which a week-long general strike is heldDaybreak (破曉)
8%
The names of the five days which a week-long general strike is heldTwilight (曙光)
8%

Score Distribution

Percentile by Number Answered

Percent of People with Each Score

Your Score History

You have not taken this quiz